000 00700nam a22001937a 4500
003 AUA.1
005 20251119164256.0
008 250702b |||||||| |||| 00| 0 eng d
040 _cJTL
100 _aMashonganyika, Kenneth T.
_943083
245 _aSkills acquisition program for empowering abused girls in Epworth Suburb, Harare /
_cKenneth T. Mashonganyika.
260 _cc2023
300 _ax, 118 leaves :
_bIllustrations :
_c30cm.
610 _aOverspill Seventh-day Adventist Church
_zEpworth, Zimbabwe
650 _aChurch work with abused women
_947811
650 _aPower (Social sciences)
650 _aEconomic development
_926027
942 _2aua
_cDISS
_hDMin
_i.M37 2023
999 _c25153
_d25153